| 000 | 00892cam a2200301 i 4500 | ||
|---|---|---|---|
| 001 | 1827399 | ||
| 003 | LC | ||
| 005 | 20160301141732.0 | ||
| 008 | 801119s1981 nyu 000 1 eng | ||
| 010 | _a 80026889 | ||
| 020 | _a0440064562 | ||
| 020 | _a0440064139 (signed and limited ed.) | ||
| 020 | _a0440064112 (complimentary ed.) | ||
| 040 |
_aDLC _cDLC _dDLC |
||
| 043 | _aa-hk--- | ||
| 050 | 0 | 0 |
_aPS 3553 _b.C617N6 1981 |
| 082 | 0 | 0 |
_aFIC _bC57no 1981 |
| 100 | 1 |
_aClavell, James. _917653 |
|
| 245 | 1 | 0 |
_aNoble house : _ba novel of contemporary hong kong / _cJames Clavell |
| 260 |
_aNew York : _bDelacorte Press, _cc1981. |
||
| 300 |
_a1206 p. _c24 cm. |
||
| 650 | 0 |
_aBusinesspeople _zChina _zHong Kong _xFiction. _918043 |
|
| 655 | 7 |
_aHistorical fiction. _2gsafd _92926 |
|
| 906 |
_a7 _bcbc _corignew _du _eocip _f19 _gy-gencatlg |
||
| 942 |
_2lcc _cBK |
||
| 999 |
_c29 _d29 |
||